00358nam a2200133Ia 450000500170000000800410001702000180005808200240007610000260010024500370012626000270016330000120019065000220020220250417113933.0231217s9999 xx 000 0 und d a9788131407301 a658.15224 BAN;1 R aBanerjee, Arindam ed. 0aIPO's : concepts and experiences c2007bIcfaiaHyderabad avi, 198 aIPO's,experiences